000 00693nam a22002297a 4500
003 UA-OsUOA
001 98903
007 ta
008 20130422b un ||||| |||| 00| 0 ukr d
100 _aРоготченко А.
090 _a821.161.1
_bР59
942 _cBK
040 _aUA-OsUOA
_brus
_cUA-OsUOA
_dUA-OsUOA
245 _aВозврвщайтесь, журавли!
_bповести, рассказы о героях, военные были, портреты
300 _a447 с.
955 _a3
041 _arus
080 _a821.161.1
260 _aК.
_bДніпро
_c1986
650 7 _a82 Література. Літературознавство
_2UDC
999 _c384751
_d384751